<?xml version="1.0" encoding="UTF-8"?>
<marc:record xmlns:marc="http://www.loc.gov/MARC21/slim">
   <marc:leader>00000nam a2200000 a 4500</marc:leader>
   <marc:datafield ind1="1" ind2=" " tag="100">
      <marc:subfield code="a">Brod, Max</marc:subfield>
      <marc:subfield code="4">aut</marc:subfield>
      <marc:subfield code="e">Verfasser/-in</marc:subfield>
   </marc:datafield>
   <marc:datafield ind1="1" ind2=" " tag="100">
      <marc:subfield code="a">Karahasan, Dževad</marc:subfield>
      <marc:subfield code="4">wpr</marc:subfield>
      <marc:subfield code="e">Writer of preface</marc:subfield>
   </marc:datafield>
   <marc:datafield ind1=" " ind2=" " tag="653">
      <marc:subfield code="a">Softcover / Belletristik/Hauptwerk vor 1945</marc:subfield>
   </marc:datafield>
   <marc:datafield ind1="0" ind2="0" tag="245">
      <marc:subfield code="a">Ausgewählte Werke</marc:subfield>
   </marc:datafield>
   <marc:datafield ind1="0" ind2="0" tag="245">
      <marc:subfield code="c">Max Brod ; herausgegeben von Hans-Gerd Koch und Hans Dieter Zimmermann in Zusammenarbeit mit Barbora Šramková und Norbert Miller</marc:subfield>
   </marc:datafield>
   <marc:datafield ind1=" " ind2="1" tag="264">
      <marc:subfield code="a">Göttingen</marc:subfield>
      <marc:subfield code="b">Wallstein Verlag</marc:subfield>
      <marc:subfield code="c">2014</marc:subfield>
   </marc:datafield>
   <marc:datafield ind1="1" ind2=" " tag="520">
      <marc:subfield code="a">Angaben aus der Verlagsmeldung

Stefan Rott oder Das Jahr der Entscheidung : Roman / von Max Brod

Dieser Roman wurde oft als Max Brods »Zauberberg« bezeichnet, spielt er doch 1914, in den letzten Monaten vor Ausbruch des Ersten Weltkriegs, welcher das alte Europa zum Einsturz brachte. Aber nicht ein entlegenes Sanatorium, sondern die kleine deutsche Gemeinde in Prag ist bei Brod das Modell der bürgerlichen Gesellschaft vor dem Kriege. Im Mittelpunkt steht der Gymnasiast Stefan Rott, ein junger Mann aus guter Familie, der sich die Welt zu erklären sucht und seine erste Liebe erlebt - er verehrt Phyllis, die Mutter eines Klassenkameraden und wird schließlich sogar von ihr erhört. Hinter der gutbürgerlichen Fassade aber verbergen sich Lüge und Korruption, wie Stefan nach und nach erkennen muss. Die schöne Phyllis ist dem reichen Advokaten Urban zugetan, und Geld spielt dabei durchaus eine Rolle.Mit dem Attentat von Sarajevo stürzt auch diese kleine Prager deutsche Welt in den Abgrund: Frau Phyllis schießt auf ihren Ehemann, der Anarchist Dlouhy, Stefans Klassenkamerad, wird zum Tode verurteilt. Private und politische Entwicklung sind am selben Punkt angelangt: es wird nicht mehr geredet, es wird geschossen.
</marc:subfield>
   </marc:datafield>
   <marc:datafield ind1=" " ind2=" " tag="020">
      <marc:subfield code="a">9783835313378</marc:subfield>
      <marc:subfield code="9">9783835313378</marc:subfield>
   </marc:datafield>
   <marc:datafield ind1=" " ind2=" " tag="041">
      <marc:subfield code="a">ger</marc:subfield>
   </marc:datafield>
   <marc:datafield ind1=" " ind2=" " tag="300">
      <marc:subfield code="a">562 S.</marc:subfield>
   </marc:datafield>
</marc:record>
